Miasta w Nowej Zelandii - Nagła Śmierć - Statystyki

Ogólne statystyki
  • Ten quiz został rozwiązany 27 razy
    11 od ostatniego zresetowania
  • Średni wynik to 8 z 16
Answers on the Grid
Answers color-coded by a green-red scale on the quiz's grid according to % correct below.
Auckland
Bukavu
Chichester
Christchurch
Cienfuegos
Dublin
Dunedin
Edmonton
Gisborne
Gonaïves
Hamilton
Hongkong
Invercargill
Kraljevo
Lower Hutt
Lubango
Napier
Ndola
Nelson
New Plymouth
Palmerston North
Queenstown
Quetzaltenango
Sekondi-Takoradi
Stuttgart
Sumgait
Tauranga
Upper Hutt
Waszyngton
Wellington
Whangarei
Wilmington
 
Statystyki odpowiedzi
Odpowiedź % Poprawnych
Christchurch
100%
Wellington
100%
Auckland
67%
Dunedin
67%
Invercargill
67%
New Plymouth
67%
Palmerston North
67%
Hamilton
33%
Napier
33%
Nelson
33%
Queenstown
33%
Tauranga
33%
Upper Hutt
33%
Whangarei
33%
Gisborne
0%
Lower Hutt
0%
Nie znaleziono quizów pasujących do podanych kryteriów
Rozkład punktacji
Procent ludzi z każdym wynikiem
Percentyl według liczby udzielonych odpowiedzi
Twoja historia wyników
Nie rozwiązałeś tego quizu od ostatniego zresetowania